[Event "BCF-ch Week2 PM op"]
[Site "Bournemouth"]
[Date "2016.08.03"]
[Round "3"]
[White "O'Mahoney, Mike J"]
[Black "Maber, Martyn J"]
[Result "1/2-1/2"]
[WhiteElo "1746"]
[BlackElo "1349"]
[PlyCount "54"]
[EventDate "2016.08.01"]
[EventType "swiss"]
[EventRounds "5"]
[EventCountry "ENG"]
[SourceTitle "CBM 173 Extra"]
[Source "ChessBase"]
[SourceDate "2016.08.29"]
[SourceVersion "1"]
[SourceVersionDate "2016.08.29"]
[SourceQuality "1"]

1. d4 d5 2. Bf4 Bf5 3. e3 e6 4. c3 Bd6 5. Qb3 Bxf4 6. Qxb7 Nd7 7. exf4 Rb8 8. Qxa7 Rxb2 9. Na3 Ngf6 10. Nb5 0-0 11. Qa3 Rc2 12. Rc1 Rxc1+ 13. Qxc1 Qb8 14. Be2 c6 15. Na3 Qa7 16. Nf3 Ra8 17. Nb1 Bxb1 18. Qxb1 Qxa2 19. Bd3 Ne4 20. Bxe4 dxe4 21. Nd2 Qxb1+ 22. Nxb1 Ra1 23. 0-0 f5 24. Rd1 Nb6 25. Kf1 Kf7 26. Ke2 Nc4 27. Kf1 Ke7 1/2-1/2

[Event "BCF-ch Week2 PM op"]
[Site "Coventry"]
[Date "2015.08.04"]
[Round "2"]
[White "Snook Lumb, Chris"]
[Black "Maber, Martyn J"]
[Result "1-0"]
[WhiteElo "1664"]
[BlackElo "1358"]
[PlyCount "65"]
[EventDate "2015.08.03"]
[EventType "swiss"]
[EventRounds "5"]
[EventCountry "ENG"]
[SourceTitle "CBM 167 Extra"]
[Source "ChessBase"]
[SourceDate "2015.09.14"]
[SourceVersion "1"]
[SourceVersionDate "2015.09.14"]
[SourceQuality "1"]

1. c4 e5 2. g3 Nf6 3. Bg2 d5 4. cxd5 Nxd5 5. Nf3 Nc6 6. d3 Be7 7. Nc3 Nb6 8. 0-0 0-0 9. Bd2 Bg4 10. Ne4 f5 11. Neg5 Qc8 12. Qb3+ Kh8 13. Nf7+ Rxf7 14. Qxf7 Qf8 15. Qxf8+ Rxf8 16. Rac1 Bd6 17. h3 Bxf3 18. Bxf3 Nd4 19. Rfe1 Nxf3+ 20. exf3 f4 21. Kg2 Nd7 22. Rc4 Nc5 23. Rc3 Na4 24. Rb3 Nc5 25. Ra3 Na6 26. Ra4 Nc5 27. Rxa7 Nxd3 28. Re2 b6 29. Bc3 g5 30. g4 Re8 31. Kf1 Kg7 32. Rd2 Kf7 33. Rxd3 1-0

[Event "BCF-ch Week2 PM op"]
[Site "Aberystwyth"]
[Date "2014.07.28"]
[Round "1"]
[White "Pride, Stephen C"]
[Black "Maber, Martyn J"]
[Result "1-0"]
[WhiteElo "1766"]
[BlackElo "1394"]
[PlyCount "61"]
[EventDate "2014.07.28"]
[EventType "swiss"]
[EventRounds "5"]
[EventCountry "WLS"]
[SourceTitle "EXT 2017"]
[Source "ChessBase"]
[SourceDate "2016.10.25"]
[SourceVersion "1"]
[SourceVersionDate "2016.10.25"]
[SourceQuality "1"]

1. e4 b6 2. d4 Bb7 3. Bd3 e6 4. Nf3 h6 5. Bf4 Be7 6. e5 c5 7. c3 Nc6 8. a3 a5 9. Qe2 d5 10. 0-0 c4 11. Bc2 a4 12. Nbd2 Na5 13. Bxa4+ Bc6 14. Bxc6+ Nxc6 15. b4 Ra4 16. Be3 b5 17. Qd1 Kd7 18. Ne1 Qf8 19. f4 f5 20. Nxc4 Kc7 21. Nb2 Ra6 22. a4 Qa8 23. Ned3 h5 24. axb5 Rxa1 25. Qxa1 Na7 26. Qa5+ Kb8 27. Ra1 Nh6 28. b6 Bd8 29. bxa7+ Kc8 30. Qa6+ Kd7 31. Nc5+ 1-0